000 00415nam a2200181Ia 4500
001 1406
005 20260306143726.0
008 260306t1946||||xx |||||||||||||| ||spa||
041 _aESP
082 _a150
_bI53
100 _aIngenieros, José
_eAUT
245 0 _aPrincipios de psicología
260 _c1946
300 _a413 páginas :
_c20 cm.
650 _aGEN
654 _aCPS
942 _cLIB
_dJUS
_fJUS
_2ddc
_n
999 _c1406
_d1406